[Event "Landesjugendeinzelmeisterschaft M-V u18"]
[Site "Malchow 2024"]
[Date "2024.02.03"]
[Round "1.3"]
[White "Gorski, Paul Peter"]
[Black "Scharf, Christian"]
[Result "0-1"]
[WhiteElo "1516"]
[BlackElo "1557"]
[Time "14:30:00"]
[WhiteTeam "Think Rochade - SC HRO"]
[BlackTeam "SG GÃ¼strow/Teterow"]

1.d4 Nf6 2.Nf3 d5 3.Bf4 c5 4.e3 Nc6 5.Nbd2 cxd4 6.exd4 Qb6 7.Nb3 Bg4 8.Be2 e6
9.h3 Bh5 10.O-O Be7 11.c3 O-O 12.Ne5 Bxe2 13.Qxe2 Rac8 14.Kh1 Na5 15.Nxa5 Qxa5
16.a4 a6 17.Rfe1 Qd8 18.Ng4 Ne4 19.f3 Nd6 20.Qe5 Nf5 21.Bh2 Bd6 22.Qe2 Bg3
23.Red1 Qc7 24.Kg1 h5 25.Ne5 Bxh2+ 26.Kxh2 f6 27.g4 hxg4 28.fxg4 Ne7 29.Kg2 fxe5
30.dxe5 Qc4
0-1

[Event "Landesjugendeinzelmeisterschaft M-V u18"]
[Site "Malchow 2024"]
[Date "2024.02.03"]
[Round "1.4"]
[White "Schott, Andy"]
[Black "ThormÃ¤hlen, Tjark"]
[Result "1-0"]
[WhiteElo "1665"]
[BlackElo "1517"]
[Time "14:30:00"]
[WhiteTeam "SG GÃ¼strow/Teterow"]
[BlackTeam "SG GÃ¼strow/Teterow"]

1.e4 e5 2.Nf3 Nc6 3.Bb5 g6 4.O-O Bg7 5.c3 a6 6.Ba4 d6 7.h3 h6 8.d4 Bd7 9.Be3 f5
10.exf5 gxf5 11.dxe5 dxe5 12.Re1 Nge7 13.Bb3 f4 14.Nxe5 Nxe5 15.Qh5+ Kf8 16.Bc5
Qe8 17.Rxe5 Bxe5 18.Qxe5 Rh7 19.Qf6+ Rf7 20.Qh8#
1-0

[Event "Landesjugendeinzelmeisterschaft M-V u18"]
[Site "Malchow 2024"]
[Date "2024.02.03"]
[Round "1.5"]
[White "Subocz, Gabriel"]
[Black "Lippitz, Jaden"]
[Result "0-1"]
[WhiteElo "1322"]
[BlackElo "1633"]
[Time "14:30:00"]
[WhiteTeam "SAV Torgelow-DrÃ¶geheide 90"]
[BlackTeam "SG GÃ¼strow/Teterow"]

1.e4 e5 2.Nf3 Nc6 3.d4 exd4 4.Nxd4 Qf6 5.Be3 Bc5 6.c3 Nge7 7.Bc4 d6 8.O-O Ne5
9.Be2 h5 10.Nd2 Ng4 11.Bxg4 hxg4 12.Qe2 Bd7 13.Nb5 O-O-O 14.Bxc5 Rxh2 15.Bxd6
cxd6 16.Qc4+ Nc6 17.Rfe1 Qf4 18.Nf1 Rh5 19.Rad1 Rdh8 20.Ng3 R5h6 21.Nxa7+ Kb8
22.Nxc6+ Bxc6 23.Qd4 f5 24.Kf1 fxe4 25.Re3 d5 26.Qxg7 Bb5+ 27.Kg1 Rh1+ 28.Nxh1
Qh2#
0-1

[Event "Landesjugendeinzelmeisterschaft M-V u18"]
[Site "Malchow 2024"]
[Date "2024.02.03"]
[Round "1.6"]
[White "WellÃŸow, Keoki"]
[Black "Karff, Tom"]
[Result "1/2-1/2"]
[WhiteElo "1599"]
[BlackElo "1446"]
[Time "14:30:00"]
[WhiteTeam "HSG Stralsund"]
[BlackTeam "SG GÃ¼strow/Teterow"]

1.c4 Nf6 2.g3 e6 3.Bg2 d5 4.Nf3 Be7 5.O-O O-O 6.d3 c6 7.Nc3 Nbd7 8.a3 b6 9.Bf4
Bb7 10.Qd2 Nh5 11.Rfe1 Nc5 12.Rab1 Nb3 13.Qc2 Nxf4 14.gxf4 dxc4 15.dxc4 Nc5
16.Rbd1 Qc7 17.e3 Rad8 18.Ng5 Bxg5 19.fxg5 Rd6 20.b4 Nd7 21.Ne4 Rxd1 22.Rxd1 c5
23.b5 Rd8 24.Qd3 Kf8 25.Nf6 Bxg2 26.Nxd7+ Ke7 27.Kxg2 Rxd7 28.Qxd7+ Qxd7
29.Rxd7+ Kxd7 30.Kf3 Kd6 31.Ke4 f5+ 32.gxf6 gxf6 33.f4 f5+ 34.Kf3 Ke7 35.Kg3 Kf6
36.Kh4 Kg6 37.a4 h5 38.Kg3 Kf6 39.Kf3 Kg6 40.e4 Kf6
1/2-1/2

[Event "Landesjugendeinzelmeisterschaft M-V u18"]
[Site "Malchow 2024"]
[Date "2024.02.03"]
[Round "1.7"]
[White "Willam, Max Bastian"]
[Black "Wiechhusen, Laurin-Elias"]
[Result "1/2-1/2"]
[WhiteElo "1455"]
[BlackElo "1640"]
[Time "14:30:00"]
[WhiteTeam "SSC Rostock 07"]
[BlackTeam "SF Schwerin"]

1.e4 c5 2.c3 Nf6 3.e5 Nd5 4.Bc4 Nb6 5.Bb3 Nc6 6.d4 cxd4 7.cxd4 e6 8.Nf3 Be7
9.O-O O-O 10.Nc3 d6 11.Bc2 f6 12.Re1 dxe5 13.dxe5 Qxd1 14.Bxd1 fxe5 15.Nxe5 Nxe5
16.Rxe5 {(=)} 16...Bf6 17.Re1 Bd7 18.Bb3 Rae8 19.Be3 Kh8 20.Bxb6 axb6 21.Rad1
Rf7 22.Rd2 Bxc3 23.bxc3 Rfe7 24.Red1 Bc6 25.Rd8 Kg8 26.h4
1/2-1/2

[Event "Landesjugendeinzelmeisterschaft M-V u18"]
[Site "Malchow 2024"]
[Date "2024.02.03"]
[Round "1.8"]
[White "Krause, Enrico"]
[Black "Mochtak, Maximilian"]
[Result "1-0"]
[WhiteElo "1619"]
[BlackElo "1078"]
[Time "14:30:00"]
[WhiteTeam "Think Rochade - SC HRO"]
[BlackTeam "TuS Makkabi Rostock"]

1.c4 Nc6 2.d4 e5 3.d5 Nd4 4.e3 Nf5 5.Bd3 Nge7 6.e4 Nd4 7.Nc3 d6 8.Nge2 f5 9.O-O
g6 10.Nxd4 exd4 11.Nb5 Bg7 12.exf5 Bxf5 13.Bxf5 Nxf5 14.Re1+ Kd7 15.Bf4 a6
16.Na3 g5 17.Qg4 Qf6 18.Bxg5 Qg6 19.Re7+ Kc8 20.Rxg7 Qxg7 21.Qxf5+ Qd7 22.Qxd7+
Kxd7 23.Bf6 Rhg8 24.Bxd4 Rg4 25.Be3 Rag8 26.g3 h5 27.b3 h4 28.Kg2 hxg3 29.hxg3
c6 30.dxc6+ bxc6 31.Rd1 R4g6 32.Nc2 Kc7 33.Bf4 Rd8 34.c5
1-0

[Event "Landesjugendeinzelmeisterschaft M-V u18"]
[Site "Malchow 2024"]
[Date "2024.02.03"]
[Round "1.9"]
[White "Steinhauser, Oskar"]
[Black "Janssen, Joris Frederik"]
[Result "1-0"]
[WhiteElo "1166"]
[BlackElo "1606"]
[Time "14:30:00"]
[WhiteTeam "SSC Rostock 07"]
[BlackTeam "TuS Makkabi Rostock"]

1.e4 c5 2.c3 d5 3.exd5 Qxd5 4.Nf3 Nf6 5.d4 cxd4 6.cxd4 Nc6 7.Nc3 Qe6+ 8.Be2 Nd5
9.O-O Qd7 10.Bc4 Nb6 11.Bb3 Qd8 12.Bf4 a6 13.Re1 Na5 14.Ng5 Nxb3 15.Qxb3 e6
16.d5 Qf6 17.dxe6 Qxf4 18.exf7+ Kd7 19.Qxb6 Bd6 20.Nf3 Rf8 21.Rad1 Rd8 22.Ne5+
1-0

[Event "Offene LJ-Einzelmeisterschaft M-V u25"]
[Site "Malchow 2024"]
[Date "2024.02.03"]
[Round "1.1"]
[White "Markovych, Leonid"]
[Black "RÃ¶seler, Ole"]
[Result "1-0"]
[WhiteElo "1428"]
[BlackElo "911"]
[Time "14:30:00"]
[WhiteTeam "TuS Makkabi Rostock"]
[BlackTeam "SG GÃ¼strow/Teterow"]

1.e4 e5 2.Nf3 Nc6 3.Nc3 Bc5 4.Nxe5 Nxe5 5.d4 Qe7 6.dxc5 Qxc5 7.Be3 Qe7 8.Nd5 Qd8
9.Bd4 d6 10.f4 c6 11.Ne3 Nf6 12.fxe5 dxe5 13.Bxe5 Qa5+ 14.Bc3 Qc5 15.Qf3 O-O
16.Bxf6 gxf6 17.Bd3 Kh8 18.Qxf6+
1-0

[Event "Offene LJ-Einzelmeisterschaft M-V u25"]
[Site "Malchow 2024"]
[Date "2024.02.03"]
[Round "1.2"]
[White "Raffaelli, Maja"]
[Black "Ahmed Ibrahim, Labed"]
[Result "0-1"]
[WhiteElo "870"]
[BlackElo "1474"]
[Time "14:30:00"]
[WhiteTeam "TuS Makkabi Rostock"]
[BlackTeam "SV Motor Wolgast 1949"]

1.e4 c5 2.Nf3 d6 3.d4 cxd4 4.Nxd4 Nf6 5.Bd3 g6 6.Be3 Bg7 7.Nd2 Nc6 8.c3 O-O
9.N2f3 Bg4 10.h3 Bxf3 11.Nxf3 Qc7 12.Qd2 Rad8 13.g4 d5 14.exd5 Nxd5 15.O-O-O
Ncb4 16.Bb1 Nxc3 17.Bd4 Ncxa2#
0-1

[Event "Offene LJ-Einzelmeisterschaft M-V u25"]
[Site "Malchow 2024"]
[Date "2024.02.03"]
[Round "1.3"]
[White "Fromm, Robert"]
[Black "Fissler, Lieselotte"]
[Result "1-0"]
[WhiteElo "1488"]
[BlackElo "857"]
[Time "14:30:00"]
[WhiteTeam "ASV GrÃ¼n-WeiÃŸ Wismar"]
[BlackTeam "SAV Torgelow-DrÃ¶geheide 90"]

1.f4 c6 2.d4 d5 3.Nf3 Bf5 4.e3 Nf6 5.Be2 Nbd7 6.O-O e6 7.h3 Bd6 8.Nbd2 O-O 9.Ne5
Ne4 10.Ndf3 Ng3 11.Rf2 Be4 12.c3 Bxf3 13.Nxf3 Nf6 14.Bd3 Nfe4 15.Rc2 Qf6 16.Bd2
Rac8 17.Ne5 Rcd8 18.Be1 Nf5 19.Qf3 Bxe5 20.fxe5 Qg5 21.Bxe4 dxe4 22.Qxe4 Qxe3+
23.Qxe3 Nxe3 24.Re2 Nd5 25.Bh4
1-0

[Event "Offene LJ-Einzelmeisterschaft M-V u25"]
[Site "Malchow 2024"]
[Date "2024.02.03"]
[Round "1.3"]
[White "Fromm, Robert"]
[Black "Fissler, Lieselotte"]
[Result "1-0"]
[WhiteElo "1488"]
[BlackElo "857"]
[Time "14:30:00"]
[WhiteTeam "ASV GrÃ¼n-WeiÃŸ Wismar"]
[BlackTeam "SAV Torgelow-DrÃ¶geheide 90"]

1.f4 c6 2.d4 d5 3.Nf3 Bf5 4.e3 Nf6 5.Be2 Nbd7 6.O-O e6 7.h3 Bd6 8.Nbd2 O-O 9.Ne5
Ne4 10.Ndf3 Ng3 11.Rf2 Be4 12.c3 Bxf3 13.Nxf3 Nf6 14.Bd3 Nfe4 15.Rc2 Qf6 16.Bd2
Rac8 17.Ne5 Rcd8 18.Be1 Nf5 19.Qf3 Bxe5 20.fxe5 Qg5 21.Bxe4 dxe4 22.Qxe4 Qxe3+
23.Qxe3 Nxe3 24.Re2 Nd5 25.Bh4 Rc8 26.c4 Nf4 27.Re4 Nd3 28.b3 f6 29.exf6 Kh8
30.Rxe6 gxf6 31.Bxf6+ Kg8 32.Rf1 Rf7 33.Rf3 Nb2 34.Rg3+ Kf8 35.Be5 Rd8 36.Bd6+
Rxd6 37.Rxd6 Ke7 38.c5 b6 39.Re3+ Kf8 40.Rf3 Rxf3 41.gxf3 bxc5 42.dxc5 Kg8
43.Rxc6 Nd3 44.Rc8+ Kg7 45.c6 Ne5 46.c7 Nd7 47.Rd8 Nb6 48.c8=Q Nxc8 49.Rxc8 Kh6
50.Kg2 a5 51.Kg3 Kh5 52.Kf4 h6 53.Rg8 Kh4 54.Rg4+ Kh5 55.h4 a4 56.Rg1 a3 57.b4
Kxh4 58.Rh1#
1-0

[Event "Offene LJ-Einzelmeisterschaft M-V u25"]
[Site "Malchow 2024"]
[Date "2024.02.03"]
[Round "1.4"]
[White "Kunz, Chayenne"]
[Black "JÃ¤hnert, Jamie Mares"]
[Result "0-1"]
[WhiteElo "788"]
[BlackElo "1172"]
[Time "14:30:00"]
[WhiteTeam "ESV Waren"]
[BlackTeam "HSG Stralsund"]

1.e4 c6 2.Nc3 d5 3.d4 dxe4 4.Nxe4 Nd7 5.Bd2 Ngf6 6.Nc3 Nb6 7.Nf3 Bg4 8.Be2 Bxf3
9.Bxf3 Qxd4 10.O-O Nc4 11.Be1 Qxd1 12.Nxd1 e6 13.b3 Ne5 14.Be2 Be7 15.Bc3 Ned7
16.Ne3 O-O 17.Rad1 Nd5 18.Nxd5 cxd5 19.Rd4 Rac8 20.Ba1 Rxc2 21.Rg4 Bf6 22.Bd3
Rxa2 23.Bxf6 Nxf6 24.Rg3 e5 25.Bb1 Ra6 26.Rc3 Rc6 27.Re3 Re8 28.b4 d4 29.Ra3 a6
30.Ra2 Rec8 31.Bf5 R8c7 32.Raa1 Rb6 33.Rab1 g6 34.Bd3 e4 35.Be2 Nd5 36.Rfd1 Nc3
37.Rxd4 Nxe2+ 38.Kh1 Nxd4 39.Rd1 Rxb4 40.h3 Rbc4 41.Kh2 b5 42.Ra1 Ra4 43.Re1 f5
44.f3 exf3 45.Re8+ Kf7 46.gxf3 Kxe8 47.f4 Rc3 48.h4 Ra2+ 49.Kh1 Rc1#
0-1

[Event "Offene LJ-Einzelmeisterschaft M-V u25"]
[Site "Malchow 2024"]
[Date "2024.02.03"]
[Round "1.5"]
[White "Wilke, Finja"]
[Black "BÃ¼hrt, Charlie"]
[Result "1/2-1/2"]
[WhiteElo "1232"]
[BlackElo "735"]
[Time "14:30:00"]
[WhiteTeam "SAV Torgelow-DrÃ¶geheide 90"]
[BlackTeam "ESV Waren"]

1.e4 e5 2.Nf3 Nc6 3.Nc3 Nf6 4.Bb5 Bb4 5.O-O d6 6.d3 Bg4 7.Bg5 O-O 8.Re1 a6 9.Bc4
Nd4 10.Re3 Nxf3+ 11.gxf3 Bxc3 12.bxc3 Bh5 13.Qf1 b5 14.Bd5 Rc8 15.Bb7 Rb8 16.Bc6
h6 17.Bh4 g5 18.Bg3 Qe7 19.h4 Qe6 20.f4 exf4
1/2-1/2

[Event "Landesjugendeinzelmeisterschaft M-V u10"]
[Site "Malchow 2024"]
[Date "2024.02.04"]
[Round "2.1"]
[White "Hammerich, Devon"]
[Black "Seegebrecht, Johann"]
[Result "0-1"]
[WhiteElo "753"]
[BlackElo "980"]
[Time "08:30:00"]
[WhiteTeam "SC Mecklenburger Springer"]
[BlackTeam "SC Mecklenburger Springer"]

1.e4 e5 2.Nf3 Nc6 3.Bb5 Nd4 4.Nxe5 Nxb5 5.Nc3 Nxc3 6.dxc3 Qe7 7.Qd4 Qd6 8.Bf4
Qxd4 9.cxd4 Nf6 10.f3 Bd6 11.O-O-O O-O 12.h4 Nh5 13.Be3 Bxe5 14.dxe5 Re8 15.Rd5
c6 16.Rc5 b6 17.Rc4 Rxe5 18.g4 Ng3 19.Rh2 Ba6 20.Rd4 Ne2+ 21.Kd2 Nxd4 22.Bxd4
Ree8 23.h5 c5 24.Bc3 Re7 25.g5 Rae8 26.h6 gxh6 27.gxh6 Re6 28.Rg2+ Rg6 29.Rh2 b5
30.b3 Ree6 31.Ke3 Rxh6 32.Rg2+ Reg6 33.Rd2 d6 34.e5 Re6 35.f4 Rh3+ 36.Ke4 Rxc3
37.f5 Rxe5+ 38.Kf4 Bc8 39.Kg5 Rxf5+ 40.Kh6 Rh3#
0-1

[Event "Landesjugendeinzelmeisterschaft M-V u10"]
[Site "Malchow 2024"]
[Date "2024.02.04"]
[Round "2.6"]
[White "Uecker, Emil"]
[Black "Subocz, Emma"]
[Result "0-1"]
[WhiteElo "763"]
[BlackElo "925"]
[Time "08:30:00"]
[WhiteTeam "SAV Torgelow-DrÃ¶geheide 90"]
[BlackTeam "SAV Torgelow-DrÃ¶geheide 90"]

1.e4 e5 2.Nf3 Nc6 3.Bc4 Nf6 4.d3 d5 5.exd5 Nxd5 6.Bxd5 Qxd5 7.Nc3 Qd8 8.Bg5 Be7
9.Bxe7 Qxe7 10.O-O O-O 11.d4 Rd8 12.d5 Bg4 13.h3 Bxf3 14.Qxf3 Nd4 15.Qe4 f5
16.Qd3 Qg5 17.Rae1 Re8 18.f4 Qf6 19.fxe5 Rxe5 20.Rxe5 Qxe5 21.Nb5 Nxb5 22.Qxb5
b6 23.Qc6 Rc8 24.Qb7 Rd8 25.c4 Qd4+ 26.Kh1 Qxc4 27.Qxa7 Qxf1+ 28.Kh2 Rxd5
29.Qxc7 Rd1 30.Kg3 Rd3+ 31.Kh4 Qxg2 32.Qe7 Rxh3#
0-1

[Event "Landesjugendeinzelmeisterschaft M-V u12"]
[Site "Malchow 2024"]
[Date "2024.02.04"]
[Round "2.1"]
[White "KÃ¶nig, Lian"]
[Black "Tran, Nhat Nam"]
[Result "1/2-1/2"]
[WhiteElo "1019"]
[BlackElo "1471"]
[Time "08:30:00"]
[WhiteTeam "SF Schwerin"]
[BlackTeam "Greifswalder SV"]

1.e4 e6 2.d4 d5 3.Nc3 Bb4 4.e5 c5 5.a3 Bxc3+ 6.bxc3 Qb6 7.Nf3 Ne7 8.dxc5 Qxc5
9.Qd4 Qc7 10.Bd3 Nbc6 11.Qe3 Ng6 12.Bxg6 hxg6 13.O-O Bd7 14.Re1 O-O-O 15.Nd4 a6
16.Nxc6 Bxc6 17.Qd4 Rh5 18.f4 Rdh8 19.h3 Qe7 20.Be3 Qh4 21.Bf2 Qe7 22.Be3 f6
23.Qc5 Qd8 24.Bf2 Re8 25.Qa7 Kd7 26.Qc5 Qc7 27.Qb6 g5 28.Qxc7+ Kxc7 29.fxg5 Rxg5
30.Bd4 f5 31.Re3 Bb5 32.a4 Bc4 33.Bc5 Rh8 34.Rae1 Rh6 35.Be7 Rgg6 36.Rb1 Kd7
1/2-1/2

[Event "Landesjugendeinzelmeisterschaft M-V u12"]
[Site "Malchow 2024"]
[Date "2024.02.04"]
[Round "2.2"]
[White "Briese, Sophie"]
[Black "Vollendorff, Lukas"]
[Result "1-0"]
[WhiteElo "1279"]
[BlackElo "1058"]
[Time "08:30:00"]
[WhiteTeam "SAV Torgelow-DrÃ¶geheide 90"]
[BlackTeam "Think Rochade - SC HRO"]

1.e4 e5 2.Nf3 Nf6 3.Nxe5 Qe7 4.d4 d6 5.Nf3 Nxe4 6.Be2 Bg4 7.O-O Nd7 8.Bd3 O-O-O
9.Re1 d5 10.c4 Ndf6 11.Bg5 h6 12.Bxf6 Qxf6 13.Bxe4 dxe4 14.Rxe4 Bxf3 15.gxf3 h5
16.Qd3 Bc5 17.Nc3 Qg6+ 18.Kh1 Rhe8 19.Qe3 Bxd4 20.Qe2 f5 21.Rxe8 Rxe8 22.Qd2 Rd8
23.Re1 Be5 24.Qe3 Bd4 25.Qd2 h4 26.Nd5 h3 27.Ne7+ Kb8 28.Nxg6 Bc5 29.Qxd8#
1-0

[Event "Landesjugendeinzelmeisterschaft M-V u12"]
[Site "Malchow 2024"]
[Date "2024.02.04"]
[Round "2.3"]
[White "Lott, Konstantin"]
[Black "Wetzig, Karl Anton"]
[Result "1/2-1/2"]
[WhiteElo "975"]
[BlackElo "1121"]
[Time "08:30:00"]
[WhiteTeam "Think Rochade - SC HRO"]
[BlackTeam "SF Schwerin"]

1.e4 c5 2.Nc3 e6 3.Bc4 Nc6 4.Nf3 d6 5.d3 Nf6 6.Bf4 d5 7.exd5 exd5 8.Bb5 Bd6
9.Qe2+ Be6 10.Bg5 O-O 11.O-O a6 12.Ba4 b5 13.Bxb5 axb5 14.Nxb5 Be7 15.d4 c4
16.Ne5 Nxe5 17.dxe5 Ne4 18.Bxe7 Qxe7 19.a3 Rab8 20.a4 Bd7 21.f3 Nc5 22.b3 cxb3
23.cxb3 Nxb3 24.Rab1 Bxb5 25.axb5 Qc5+ 26.Kh1 Qxb5 27.Qf2 d4 28.h3 d3 29.Qe3 d2
30.e6 Rfe8 31.exf7+ Kxf7 32.Qf4+ Kg8 33.Kh2 Re7 34.Rfd1 Rbe8 35.Rxd2 Re1 36.Rxe1
Rxe1 37.Rd8+ Re8 38.Rxe8+ Qxe8 39.Qc4+ Qf7 40.Qc8+ Qf8 41.Qc4+
1/2-1/2

[Event "Landesjugendeinzelmeisterschaft M-V u12"]
[Site "Malchow 2024"]
[Date "2024.02.04"]
[Round "2.4"]
[White "Subocz, Barbara"]
[Black "Khanbekyan, Aram"]
[Result "1-0"]
[WhiteElo "1093"]
[BlackElo "1324"]
[Time "08:30:00"]
[WhiteTeam "SAV Torgelow-DrÃ¶geheide 90"]
[BlackTeam "Greifswalder SV"]

1.e4 c5 2.c3 d5 3.exd5 Qxd5 4.d4 cxd4 5.cxd4 Nc6 6.Nf3 Bg4 7.Nc3 Qd7 8.d5 Ne5
9.Nxe5 Bxd1 10.Nxd7 Kxd7 11.Kxd1 Nf6 12.Bf4 g6 13.Bd3 Ng4 14.Ke2 Bg7 15.Rhe1
Rad8 16.Kf1 Bd4 17.Bg3 Ke8 18.Bc4 a6 19.Re4 Bxc3 20.bxc3 Nf6 21.Rd4 b5 22.Bb3 a5
23.a4 bxa4 24.Bxa4+ Kf8 25.Bc6 Kg7 26.Rxa5 Nh5 27.Bh4 f6 28.Ra7 Kf7 29.Re4 g5
30.Rexe7+ Kg6 31.Bg3 Nxg3+ 32.hxg3 Rb8 33.d6 Rhd8 34.g4 Rg8 35.Be4+ f5 36.Bxf5+
Kf6 37.Rxh7 Rbd8 38.Rh6+ Ke5 39.Re6+ Kd5 40.Ra5+ Kc4 41.Re4+ Kb3 42.Be6+ Kc2
43.Bxg8 Rxd6 44.Re3 Rd1+ 45.Re1 Rxe1+ 46.Kxe1 Kc1 47.c4 Kc2 48.c5 Kc1 49.c6 Kc2
50.c7 Kc1 51.c8=Q+ Kb1 52.Rb5+ Ka1 53.Qa6#
1-0

[Event "Landesjugendeinzelmeisterschaft M-V u12"]
[Site "Malchow 2024"]
[Date "2024.02.04"]
[Round "2.6"]
[White "Hampe, Adrian"]
[Black "Feist, Jonas"]
[Result "1-0"]
[WhiteElo "936"]
[BlackElo "983"]
[Time "08:30:00"]
[WhiteTeam "Lok Gymnas Pritzwalk"]
[BlackTeam "SAV Torgelow-DrÃ¶geheide 90"]

1.e4 c6 2.Nf3 d5 3.d3 dxe4 4.Ne5 Be6 5.Be2 exd3 6.cxd3 f6 7.Nf3 Bg4 8.Qb3 e5
9.Qxb7 Nd7 10.O-O Ne7 11.d4 exd4 12.Nxd4 Nc5 13.Qb4 Bxe2 14.Nxe2 Nd3 15.Qc3 Nxc1
16.Qxc1 Rc8 17.Nbc3 Nf5 18.Qc2 Nd4 19.Qe4+ Be7 20.Nxd4 O-O 21.Nxc6 Qd7 22.Nxe7+
Qxe7 23.Qxe7 Rf7 24.Nd5 Rcf8 25.Qe6 Re8 26.Qxe8+ Rf8 27.Qxf8+ Kxf8 28.Rfc1 Ke8
29.Rc7 Kd8 30.Rxa7 Ke8 31.Rc1 Kd8 32.Rxg7 f5 33.Rxh7 f4 34.Nxf4 Ke8 35.Rc8#
1-0

[Event "Landesjugendeinzelmeisterschaft M-V u12"]
[Site "Malchow 2024"]
[Date "2024.02.04"]
[Round "2.8"]
[White "Zarbock, Tim Pepe"]
[Black "GÃ¼nther, Toni"]
[Result "1/2-1/2"]
[WhiteElo "770"]
[BlackElo "839"]
[Time "08:30:00"]
[WhiteTeam "Greifswalder SV"]
[BlackTeam "SAV Torgelow-DrÃ¶geheide 90"]

1.e4 e6 2.d4 d5 3.exd5 exd5 4.Bd3 Bd6 5.Nf3 Ne7 6.Be3 Bf5 7.Bxf5 Nxf5 8.Nbd2 O-O
9.c3 Re8 10.Qe2 Nd7 11.O-O Bf4 12.Qd3 Nxe3 13.fxe3 Bxe3+ 14.Kh1 Bxd2 15.Qxd2 Nf6
16.Qf4 Re4 17.Qg3 Re7 18.Rae1 Qd7 19.Rxe7 Qxe7 20.Re1 Ne4 21.Qe5 Qxe5 22.Nxe5 f6
23.Nf3 Re8 24.Kg1 g5 25.h3 h5 26.g3 Kf7 27.g4 Nd2 28.Rxe8 Nxf3+ 29.Kf2 Kxe8
30.Kxf3 h4 31.b3 Kf7 32.c4 c6 33.a4 a5 34.cxd5 cxd5 35.Ke3 Ke6 36.Kf3 f5 37.Kf2
fxg4 38.hxg4
1/2-1/2

[Event "Landesjugendeinzelmeisterschaft M-V u14"]
[Site "Malchow 2024"]
[Date "2024.02.04"]
[Round "2.1"]
[White "Herrmann, Jakob"]
[Black "Eschrig, Immanuel"]
[Result "1/2-1/2"]
[WhiteElo "2031"]
[BlackElo "1459"]
[Time "08:30:00"]
[WhiteTeam "SAV Torgelow-DrÃ¶geheide 90"]
[BlackTeam "Greifswalder SV"]

1.Nf3 d5 2.g3 Nc6 3.d4 Bf5 4.Bg2 Qd7 5.a3 O-O-O 6.b4 e6 7.Nbd2 f6 8.Nb3 g5 9.Rb1
h5 10.b5 Qh7 11.Qd2 Nb8 12.Qa5 b6 13.Qxa7 Bxc2 14.Rb2 Bxb3 15.Rxb3 Qc2 16.Rd3
Qxc1+ 17.Rd1 Qxa3 18.Qxa3 Bxa3 19.O-O Ne7 20.Ra1 Bd6 21.Ra8 Kd7 22.Rc1 Ke8 23.e4
Nd7 24.Ra7 Rc8 25.e5 fxe5 26.Nxg5 Nf8 27.dxe5 Bxe5 28.Bh3 Rh6 29.Re1 Bc3 30.Rd1
c6 31.bxc6 Rxc6 32.Ra8+ Rc8 33.Ra2 Rf6 34.Re2 Rc6 35.Rc2 Bd4 36.Ra2 Bc5 37.Bf1
Neg6 38.Bb5 Kd7 39.Ra7+ Kc8 40.Bxc6 Bxf2+ 41.Kg2 h4 42.Rf1 Bd4 43.Nf7 h3+
44.Kxh3 Rxf1 45.Nd6+ Kd8 46.Nf7+ Kc8 47.Nd6+ Kd8 48.Nf7+
1/2-1/2

[Event "Landesjugendeinzelmeisterschaft M-V u14"]
[Site "Malchow 2024"]
[Date "2024.02.04"]
[Round "2.2"]
[White "Vakeel, Eshwar"]
[Black "Gavrylyuk, Oleksandr"]
[Result "1/2-1/2"]
[WhiteElo "1324"]
[BlackElo "1390"]
[Time "08:30:00"]
[WhiteTeam "SSC Rostock 07"]
[BlackTeam "TuS Makkabi Rostock"]

1.e4 c5 2.Nf3 e6 3.d4 cxd4 4.Nxd4 Nf6 5.Nc3 Bb4 6.f3 Nc6 7.Be3 d5 8.Nxc6 bxc6
9.exd5 cxd5 10.Bb5+ Bd7 11.Bxd7+ Qxd7 12.O-O O-O 13.Ne2 e5 14.c3 Be7 15.f4 Ng4
16.Qd2 Nxe3 17.Qxe3 e4 18.Nd4 Bc5 19.Rad1 Rfd8 20.Rfe1 a5 21.Kh1 Rab8 22.b3 Rbc8
23.Qd2 Bxd4 24.Qxd4 Qc7 25.g3 Qxc3 26.Qxc3 Rxc3 27.Rxe4 Kf8 28.Red4 Rc5 29.Kg2
Ke7 30.Kf3 Ke6 31.R1d2 f5 32.h3 h5 33.Re2+ Kf6
1/2-1/2

[Event "Landesjugendeinzelmeisterschaft M-V u14"]
[Site "Malchow 2024"]
[Date "2024.02.04"]
[Round "2.3"]
[White "SchrÃ¶der, Hannes Artur"]
[Black "Stepanjan, Tatevik Mia"]
[Result "1-0"]
[WhiteElo "1310"]
[BlackElo "1337"]
[Time "08:30:00"]
[WhiteTeam "SG Eintracht Neubrandenburg"]
[BlackTeam "ESV 1888 Wittenberge"]

1.e4 c5 2.Nf3 Nc6 3.d4 cxd4 4.Nxd4 Nf6 5.Nc3 a6 6.f3 e6 7.Bc4 d5 8.exd5 exd5
9.Bb3 Bc5 10.Be3 Qe7 11.Kf2 Be6 12.Re1 O-O 13.Kf1 Qd6 14.Nxe6 fxe6 15.Bxc5 Qxc5
16.h3 Rae8 17.Qd3 Nb4 18.Qd2 b5 19.a4 Nc6 20.axb5 axb5 21.Qf2 Qxf2+ 22.Kxf2 b4
23.Nb5 Ne4+ 24.Kg1 Nc5 25.Rad1 Re7 26.Nd4 Nxd4 27.Rxd4 Nxb3 28.cxb3 Rd8 29.Rxb4
d4 30.Kf2 e5 31.Ke2 Rc8 32.Kd3 Rce8 33.Re4 Re6 34.Rb5 Kf7 35.b4 Kf6 36.Rb7 R8e7
37.Rb8 g5 38.b5 Re8 39.Rxe8 Rxe8 40.h4 h6 41.g3 Rb8 42.f4 gxf4 43.gxf4 exf4
44.Rxf4+ Ke5 45.Re4+ Kf5 46.Rxd4 Rxb5 47.b4 Ke5 48.Kc4 Rb7 49.Rd8 Kf6 50.Kc5 h5
51.b5 Ke7 52.Rd5 Rb8 53.Kc6 Ke6 54.Rxh5 Ke7 55.Kc7 Ra8 56.b6 Ke6 57.b7 Ra7
58.Kb6
1-0

[Event "Landesjugendeinzelmeisterschaft M-V u14"]
[Site "Malchow 2024"]
[Date "2024.02.04"]
[Round "2.4"]
[White "Wrage, Julius"]
[Black "Chandrasekher, Ritu"]
[Result "0-1"]
[WhiteElo "1237"]
[BlackElo "1387"]
[Time "08:30:00"]
[WhiteTeam "SAV Torgelow-DrÃ¶geheide 90"]
[BlackTeam "TuS Makkabi Rostock"]

1.e4 c6 2.Nf3 d5 3.d3 Bg4 4.Be2 e6 5.O-O Nd7 6.Nc3 Bd6 7.Be3 Ne7 8.e5 Bc7 9.d4
Nf5 10.Qd3 Rc8 11.h3 Bxf3 12.Bxf3 Bb8 13.b4 Qe7 14.a3 O-O 15.Ne2 a5 16.Bd2 Rfd8
17.Rac1 Ba7 18.c4 dxc4 19.Qxc4 Nxe5 20.dxe5 Rxd2 21.bxa5 Qg5 22.Qb4 Rb8 23.Rcd1
Nh4 24.Nd4 Rxd4 25.Rxd4 Bxd4 26.Bg4 Qxe5 27.Rd1 Qd5 28.Bf3 Nxf3+ 29.gxf3 Bxf2+
30.Kxf2 Qxd1 31.Qf4 Rd8
0-1

[Event "Landesjugendeinzelmeisterschaft M-V u14"]
[Site "Malchow 2024"]
[Date "2024.02.04"]
[Round "2.5"]
[White "Natsagdorj, Zelme"]
[Black "Wilke, Ronja"]
[Result "1-0"]
[WhiteElo "1404"]
[BlackElo "1202"]
[Time "08:30:00"]
[WhiteTeam "SC Mecklenburger Springer"]
[BlackTeam "SAV Torgelow-DrÃ¶geheide 90"]

1.e4 c6 2.d4 d5 3.e5 Bf5 4.Nf3 e6 5.Be2 Nd7 6.O-O c5 7.Be3 cxd4 8.Bxd4 Ne7 9.c4
dxc4 10.Bxc4 Nc6 11.Bc3 Qc7 12.Re1 Ncxe5 13.Bb3 Nxf3+ 14.Qxf3 Qd8 15.Qxf5 Be7
16.Qg4 Bf6 17.Bxf6 Qxf6 18.Nc3 O-O 19.Bc2 g6 20.Rad1 Ne5 21.Qe4 Nc6 22.Re3 Rad8
23.Red3 a6 24.Qf3 Qxf3 25.Rxf3 Nb4 26.Bb3 Kg7 27.a3 Nc6 28.Rfd3 e5 29.Rxd8 Nxd8
30.Re1 Nc6 31.Bd5 f6 32.f3 Na5 33.Re4 Rc8 34.f4 exf4 35.Rxf4 f5 36.Kf2 Kf6
37.Rb4 Rc7 38.Bf3 Ke5 39.Nb5 Rc5 40.Nc3 Rc7 41.Be2 Ke6 42.Rb6+ Ke5 43.Nd1 g5
44.g3 Kd4 45.Rd6+ Ke5 46.Rh6 g4 47.Rh5 Rf7 48.Bxg4 Ke4 49.Nc3+ Ke5 50.Bh3 Nc4
51.Nd1 Ke4 52.Rh4+ Kd3 53.Bf1+ Kc2 54.Bxc4 Kxd1 55.Bxf7
1-0

[Event "Landesjugendeinzelmeisterschaft M-V u14"]
[Site "Malchow 2024"]
[Date "2024.02.04"]
[Round "2.6"]
[White "Asmussen, Henry"]
[Black "Jakobi, Paul Leonhard"]
[Result "0-1"]
[WhiteElo "1192"]
[BlackElo "1054"]
[Time "08:30:00"]
[WhiteTeam "HSG Stralsund"]
[BlackTeam "SF Schwerin"]

1.e4 e5 2.Nf3 Nc6 3.Nc3 Nf6 4.d4 Qe7 5.Bc4 exd4 6.Nxd4 Nxe4 7.Nd5 Qd8 8.Qe2 Nxd4
9.Qxe4+ Ne6 10.O-O Bd6 11.Re1 c6 12.Nc3 Qf6 13.Qd3 Bc5 14.Be3 Bxe3 15.Rxe3 d5
16.Bxd5 cxd5 17.Nxd5 Qd8 18.Qc4 O-O 19.Rd1 Rb8 20.Qg4 Qg5 21.Qg3 Qxg3 22.Rxg3 f6
23.Rdd3 Nc5 24.Ra3 a6 25.b4 Ne4 26.Rge3 Ng5 27.h4 Ne6 28.Ne7+ Kf7 29.Nxc8 Rbxc8
30.Rad3 Rfe8 31.Rd7+ Re7 32.Rd2 Rc4 33.a3 Rxh4 34.Rh3 Rxh3 35.gxh3 Ng5 36.Kg2
Rc7 37.f4 Ne6 38.f5 Ng5 39.Re2 h5 40.h4 Nh7 41.a4 Nf8 42.Kf3 g6 43.Kf4 Rc4+
44.Re4 Rxc2 45.b5 gxf5 46.Kxf5 Rf2+ 47.Rf4 Rxf4+ 48.Kxf4 Ke6 49.bxa6 bxa6 50.a5
Nd7 {Sd6} 51.-- Nc5 52.-- Nb7 53.-- Nd6 54.Ke3 Nc4+ 55.Ke4 Nxa5 56.Kd4 f5 57.Ke3
Ke5 58.Kf3 f4 59.Kg2 Ke4 60.Kf2 f3 61.Kg1 Ke3
0-1

[Event "Landesjugendeinzelmeisterschaft M-V u14"]
[Site "Malchow 2024"]
[Date "2024.02.04"]
[Round "2.7"]
[White "Martinez, Gabriel"]
[Black "BÃ¼hrt, Matteo"]
[Result "1-0"]
[WhiteElo "981"]
[BlackElo "795"]
[Time "08:30:00"]
[WhiteTeam "Think Rochade - SC HRO"]
[BlackTeam "ESV Waren"]

1.e4 e5 2.Nf3 Nc6 3.Bb5 Nf6 4.Nc3 Bb4 5.d3 d6 6.Bxc6+ bxc6 7.Bd2 Bc5 8.h3 Be6
9.Bg5 Bd4 10.Na4 Rb8 11.c3 Bb6 12.Nxb6 cxb6 13.O-O h6 14.Be3 d5 15.Nxe5 dxe4
16.Nxc6 Qc7 17.Nxb8 Qxb8 18.dxe4 Qb7 19.f3 O-O 20.b3 b5 21.Qd4 Qc8 22.Qc5 Qd7
23.Qxa7 Qxa7 24.Bxa7 Rd8 25.a4 Bd7 26.Rfd1 Kh7 27.axb5 g6 28.b6
1-0